| 000 | 00849nam a2200241 4500 | ||
|---|---|---|---|
| 001 | 178894 | ||
| 003 | ES-MaACL | ||
| 005 | 20240129115654.0 | ||
| 008 | 110729s2009 sp |||| | spa d | ||
| 020 | _a978-84-9802-879-9 | ||
| 080 | _a821.134.2-31"19" | ||
| 100 | 1 |
_aDíaz-Leza, Jorge. _9147475 |
|
| 245 | 1 | 3 |
_aEl manuscrito de San Florián / _cJorge Díaz-Leza, María Jesús Leza. |
| 250 | _a1ª ed. | ||
| 260 |
_aFuenlabrada (Madrid) : _bEntrelíneas, _c2009. |
||
| 300 |
_a201 p. ; _c23 cm. |
||
| 700 | 1 |
_aLeza, María Jesús. _9144999 |
|
| 852 |
_aES-MaACL _jA-11390 _9185760 _bR.145761 _cDEPO1 _dOlim: N-4394 _xDonación: Jorge Díaz Leza, María Jesús Leza |
||
| 903 |
_9147475 _aDíaz-Leza, Jorge _ednr |
||
| 903 |
_9144999 _aLeza, María Jesús _ednr |
||
| 942 |
_2udc _cMONOGRAFIA |
||
| 999 |
_c178894 _d178894 |
||